|
|
|
|
| LEADER |
00000nam a2200000 a 4500 |
| 001 |
vtls001367399 |
| 003 |
SK-MaSNL |
| 005 |
20260301201225.0 |
| 008 |
240315s1919 xx 0 und |
| 035 |
|
|
|a SNK000321088
|
| 040 |
|
|
|a SNK
|b slo
|c SNK
|e AACR2
|
| 100 |
1 |
|
|a Kovalik-Ústiansky, Ján,
|d 1861-1950
|4 aut
|9 118746
|
| 245 |
1 |
|
|a Sobrané diela. Sv. 1
|
| 260 |
|
|
|a [Trnava]
|b Kovalik
|c 1919
|
| 300 |
|
|
|a 187 s.
|
| 999 |
|
|
|c 893849
|d 895779
|
| 952 |
|
|
|t P60, <05>, [BOOK], {605}
|a SNK
|b SNK
|y PREZ
|7 0
|p 17A0199630
|o snkSD 580/1 D1
|0 0
|1 0
|4 0
|d 1999-07-07
|l 0
|r 2005-01-02 00:00:00
|w 2026-02-24
|
| 952 |
|
|
|t P60, <04>, [BOOK], {604}
|a SNK
|b SNK
|y VYP
|7 0
|p 17A0360498
|o snkSD 580/1 D2
|0 0
|1 0
|4 0
|d 2003-01-09
|l 0
|r 2005-01-02 00:00:00
|w 2026-02-24
|
| 952 |
|
|
|t P60, <04>, [BOOK], {604}
|a SNK
|b SNK
|y VYP
|7 0
|p 17A0368027
|o snkSD 580/1 D4
|0 0
|1 0
|4 0
|d 2003-01-09
|l 0
|r 2005-01-02 00:00:00
|w 2026-02-24
|